000 01582nam a22002297a 4500
999 _c21804
_d21804
001 021618
003 DO-CoUTE
005 20260204212650.0
008 220801b dr ||||| |||| 00| 0 spa d
020 _a978-84-9022-684-0
040 _aDO-CoUTE
_bspa
_cDO-CoUTE
082 _222
_a610.7368 G156e
_b2016
100 1 _aGaliana Roch, José Luís
_eautor
245 1 _aEnfermería psiquiátrica /
_cJosé Luís Galiana Roch
250 _aprimera edición
260 _aBarcelona, España :
_bELSEVIER,
_c2016
300 _a373 páginas
504 _aIncluye referencias bibliográficas e índice
520 _aPrimera edición de esta obra didáctica y práctica, que viene de la mano de profesores de distintas escuelas nacionales y latinoamericanas. El objetivo de los autores es que los estudiantes adquieran las competencias necesiarias para atender a las personas con enfermedades mentales y a sus familias en el ´medio comunitario, tenciendo en cuenta las cuestiones éticas y legales que median en el proceso de cuidado. Obra estructurada en cinco módulos, que van desde una introducción a la enfermería psiquiátrica, pasando por los principales trastornos, tratamientos terapéuticos y actuaciones enferemeras y planes de cuidados para terminar con administración, ética y legislación en enferméria psiquiátrica. La presente obra viene a cubrir los contenidos de la asignatura en enferméria psiquiátrica del grado de enfermería que se imparte en todas las escuelas universitarias de enfermería.
650 7 _2LEMB
_aPsiquiatría
942 _2ddc
_cBK